00538nam a2200181Ia 450000500170000000800410001702000150005808200130007310000170008624500500010326000400015330000130019365000150020665000190022194200060024095200950024699900150034120250516015630.0240331s9999 xx 000 0 und d a9552010543 bPERa294 aPerera,B.A.T 0aJathaka kathawala samaja vidyathmaka lakshana aColombobS. Godake & Brothersc1993 a120 p ., aFolk Story aSocial Science cL 001040708LaWERCLbWERCLcSSCd2024-03-31l0o 294 PERp3093r2024-03-31w2024-03-31yL c4785d4785